01624nam a2200313 a 450000100060000000300080000600500170001400800410003102000380007203500190011004000320012904100080016108200290016910000230019824500570022126000400027830000250031849000270034350400300037065000530040094200120045399900170046595201380048295201380062095201380075895201380089695201380103495201380117248155BD-RjUL20211209054453.0160812s1975 enk b 000 0 eng  a0710082533 :c£3.60.a0710082541 a(BD-RjUL)48274 aDLCcDLCdDLCdBD-RjULbeng aeng00a362.072041223bLER 197511aLees, Ray.914255811aResearch strategies for social welfare /cRay Lees. aLondon :bRoutledge & Paul,c1975. avi, 105 p. ;c22 cm.0 aLibrary of social work aBibliography: p. 102-105. 0aSocial servicexResearchzGreat Britain.9145901 2ddccBK c48155d48155 00102ddc40708NFICaRUCLbRUCLcStackd1979-07-26eHelfersg3.60l0o362.072041 LER 1975r2016-08-13 00:00:00tC-2w2016-08-13yBK 00102ddc40708NFICaRUCLbRUCLcStackd1979-07-26eHelfersg3.60l0o362.072041 LER 1975r2016-08-13 00:00:00tC-3w2016-08-13yBK 00102ddc40708NFICaRUCLbRUCLcStackd1979-07-26eHelfersg3.60l0o362.072041 LER 1975r2016-08-13 00:00:00tC-4w2016-08-13yBK 00102ddc40708NFICaRUCLbRUCLcStackd1979-07-26eHelfersg3.60l0o362.072041 LER 1975r2016-08-13 00:00:00tC-5w2016-08-13yBK 00102ddc40708NFICaRUCLbRUCLcStackd1979-07-26eHeffersg3.60l0o362.072041 LER 1975r2016-08-21 00:00:00tC-6w2016-08-21yBK 00102ddc40708NFICaRUCLbRUCLcStackd1979-07-26eHeffersg3.60l0o362.072041 LER 1975r2016-08-21 00:00:00tC-7w2016-08-21yBK